Status of women in islam (Record no. 536181)

MARC details
000 -LEADER
fixed length control field 00786nam a2200253Ia 4500
003 - CONTROL NUMBER IDENTIFIER
control field OSt
005 - DATE AND TIME OF LATEST TRANSACTION
control field 20220925200324.0
008 - FIXED-LENGTH DATA ELEMENTS--GENERAL INFORMATION
fixed length control field 220923b |||||||| |||| 00| 0 eng d
020 ## - INTERNATIONAL STANDARD BOOK NUMBER
International Standard Book Number 8120201906
037 ## - SOURCE OF ACQUISITION
Terms of availability General Book
040 ## - CATALOGING SOURCE
Original cataloging agency RTL
Transcribing agency RTL
Language of cataloging eng
041 ## - LANGUAGE CODE
Source of code eng
Language code of text/sound track or separate title eng
100 ## - MAIN ENTRY--PERSONAL NAME
Personal name Engineer Asghar Ali Ed.
9 (RLIN) 41803
245 #0 - TITLE STATEMENT
Title Status of women in islam
260 ## - PUBLICATION, DISTRIBUTION, ETC.
Place of publication, distribution, etc. Delhi
Name of publisher, distributor, etc. Ajanta Publicaiton India
Date of publication, distribution, etc. 1987
300 ## - PHYSICAL DESCRIPTION
Extent viii,128p
Dimensions cm.
500 ## - GENERAL NOTE
General note Bibliography: P 122; Appendix: P 123-24
650 ## - SUBJECT ADDED ENTRY--TOPICAL TERM
Topical term or geographic name entry element Islam
9 (RLIN) 577
942 ## - ADDED ENTRY ELEMENTS (KOHA)
Classification part Q7:(Y15).2.N8, M7
Koha item type General Books
Source of classification or shelving scheme Colon Classification (CC)

No items available.

Copyright @ Delhi University Library System